[Event "Mittelfranken-chTB2a 1819"]
[Site "Mittelfranken"]
[Date "2019.03.31"]
[Round "8.5"]
[White "Bachhuber, Dominik"]
[Black "Dittmar, Thomas"]
[Result "0-1"]
[WhiteElo "1843"]
[BlackElo "1855"]
[PlyCount "126"]
[EventDate "2018.10.14"]
[EventType "team-tourn"]
[EventRounds "9"]
[EventCountry "GER"]
[SourceTitle "EXT 2022"]
[Source "ChessBase"]
[SourceDate "2021.10.06"]
[SourceVersion "1"]
[SourceVersionDate "2021.10.06"]
[SourceQuality "1"]
[WhiteTeam "Jaecklechemie SC"]
[BlackTeam "Fuerth SF"]
[WhiteTeamCountry "GER"]
[BlackTeamCountry "GER"]

1. e4 c6 2. Nf3 d5 3. Nc3 dxe4 4. Nxe4 Nf6 5. Ng3 Bg4 6. h3 Bxf3 7. Qxf3 e6 8. b3 Bb4 9. c3 Bd6 10. Bd3 Nbd7 11. Bc2 Qc7 12. Ne4 Nxe4 13. Bxe4 0-0 14. g4 Ne5 15. Qe2 f5 16. Bg2 Rae8 17. Bb2 Ng6 18. 0-0-0 Nf4 19. Qf1 b5 20. Kb1 c5 21. gxf5 exf5 22. c4 Be5 23. Bxe5 Qxe5 24. cxb5 Qd4 25. Rc1 Nd3 26. Rc2 Re1+ 27. Qxe1 Nxe1 28. Rxe1 Rd8 29. Re7 Qxf2 30. d3 Qg1+ 31. Kb2 Rxd3 32. Bc6 Qd4+ 33. Ka3 c4 34. Rd7 Qc5+ 35. Ka4 Rxd7 36. Bxd7 c3 37. Be6+ Kf8 38. Bc4 Qe3 39. h4 f4 40. Kb4 Qe7+ 41. Kxc3 Qxh4 42. Kb4 Qe7+ 43. Ka4 g5 44. Bd5 Qe3 45. Rc8+ Ke7 46. Bc6 Kf6 47. b4 h5 48. Re8 Qd2 49. a3 g4 50. Ka5 Qe3 51. Rxe3 fxe3 52. Ka6 e2 53. Kxa7 e1Q 54. b6 Qe3 55. a4 Qd4 56. a5 h4 57. b5 h3 58. Ka6 g3 59. b7 Qd8 60. b6 Qb8 61. Kb5 g2 62. a6 g1Q 63. a7 Qe5+ 0-1

[Event "Mittelfranken-chTB2a 1819"]
[Site "Mittelfranken"]
[Date "2018.11.04"]
[Round "2.3"]
[White "Dittmar, Thomas"]
[Black "Horneber, Thomas"]
[Result "1/2-1/2"]
[WhiteElo "1855"]
[BlackElo "1883"]
[PlyCount "81"]
[EventDate "2018.10.14"]
[EventType "team-tourn"]
[EventRounds "9"]
[EventCountry "GER"]
[SourceTitle "EXT 2022"]
[Source "ChessBase"]
[SourceDate "2021.10.06"]
[SourceVersion "1"]
[SourceVersionDate "2021.10.06"]
[SourceQuality "1"]
[WhiteTeam "Fuerth SF"]
[BlackTeam "Heilsbronn"]
[WhiteTeamCountry "GER"]
[BlackTeamCountry "GER"]

1. d4 d6 2. Nf3 g6 3. c4 Bg7 4. e4 Bg4 5. Be2 c5 6. dxc5 Qa5+ 7. Bd2 Qxc5 8. Qc2 Nf6 9. 0-0 0-0 10. Be3 Qc7 11. Nbd2 Nc6 12. a3 Rac8 13. Rac1 Rfd8 14. h3 Bd7 15. b4 Qb8 16. b5 Na5 17. b6 a6 18. Bd4 Nc6 19. Be3 Be8 20. Nb3 Nd7 21. Nh4 Bf6 22. Nf3 Nce5 23. Nfd2 Nf8 24. f4 Nc6 25. Nf3 e6 26. Kh1 Ne7 27. Qb1 Bg7 28. Bd3 f5 29. c5 fxe4 30. Bxe4 d5 31. Bd3 Nc6 32. Nfd4 Nxd4 33. Nxd4 Bc6 34. Qc2 Re8 35. Qf2 Re7 36. Qh4 Rf7 37. Nf3 Bf6 38. Qe1 Re7 39. Qd2 Rce8 40. Nd4 Qc8 41. Nf3 1/2-1/2

[Event "Mittelfranken-chTB2a 1718"]
[Site "Mittelfranken"]
[Date "2018.01.28"]
[Round "4.3"]
[White "Muenster, Manfred"]
[Black "Dittmar, Thomas"]
[Result "0-1"]
[WhiteElo "1895"]
[BlackElo "1805"]
[PlyCount "50"]
[EventDate "2017.10.08"]
[EventType "team-tourn"]
[EventRounds "9"]
[EventCountry "GER"]
[SourceTitle "EXT 2022"]
[Source "ChessBase"]
[SourceDate "2021.10.06"]
[SourceVersion "1"]
[SourceVersionDate "2021.10.06"]
[SourceQuality "1"]
[WhiteTeam "Heilsbronn"]
[BlackTeam "Fuerth SF"]
[WhiteTeamCountry "GER"]
[BlackTeamCountry "GER"]

1. Nc3 d5 2. e4 dxe4 3. Nxe4 Nf6 4. Ng3 e5 5. Bc4 Bc5 6. d3 Ng4 7. Nh3 0-0 8. 0-0 h6 9. a4 a5 10. Qe2 Nc6 11. c3 Kh8 12. Kh1 f5 13. f3 Nf6 14. Bb3 f4 15. Ne4 Nxe4 16. dxe4 Bxh3 17. gxh3 Qd7 18. Qg2 Rad8 19. Bc2 Rf6 20. b3 Rd6 21. Ra2 Qe8 22. Qg4 Rg6 23. Qh4 Rg5 24. Rd1 Rxd1+ 25. Bxd1 Rg1# 0-1

[Event "Mittelfranken-chTB1 1617"]
[Site "Mittelfranken"]
[Date "2017.05.14"]
[Round "9.5"]
[White "Dittmar, Thomas"]
[Black "Renner, Christian"]
[Result "1/2-1/2"]
[WhiteElo "1805"]
[BlackElo "1904"]
[PlyCount "20"]
[EventDate "2016.10.23"]
[EventType "team-tourn"]
[EventRounds "9"]
[EventCountry "GER"]
[SourceTitle "EXT 2022"]
[Source "ChessBase"]
[SourceDate "2021.10.06"]
[SourceVersion "1"]
[SourceVersionDate "2021.10.06"]
[SourceQuality "1"]
[WhiteTeam "Fuerth SF"]
[BlackTeam "Nuernberg Noris Tarrasch III"]
[WhiteTeamCountry "GER"]
[BlackTeamCountry "GER"]

1. d4 Nf6 2. Nf3 d5 3. c4 c6 4. Nc3 e6 5. e3 Nbd7 6. Qc2 Bd6 7. Be2 dxc4 8. Bxc4 b5 9. Bd3 Bb7 10. 0-0 a6 1/2-1/2

[Event "Mittelfranken-chTB1 1415"]
[Site "Mittelfranken"]
[Date "2014.09.28"]
[Round "1.8"]
[White "Kirsch, Heinrich"]
[Black "Dittmar, Thomas"]
[Result "1/2-1/2"]
[WhiteElo "1743"]
[BlackElo "1820"]
[PlyCount "96"]
[EventDate "2014.09.29"]
[EventType "team-tourn"]
[EventRounds "9"]
[EventCountry "GER"]
[SourceTitle "EXT 2020"]
[Source "ChessBase"]
[SourceDate "2019.10.17"]
[SourceVersion "1"]
[SourceVersionDate "2019.10.17"]
[SourceQuality "1"]
[WhiteTeam "Siemens Erlangen"]
[BlackTeam "Fuerth SF"]
[WhiteTeamCountry "GER"]
[BlackTeamCountry "GER"]

1. d4 Nf6 2. Nf3 c5 3. c3 e6 4. Bf4 cxd4 5. Nxd4 Nc6 6. Nxc6 bxc6 7. e3 d6 8. Nd2 Qc7 9. Be2 Be7 10. 0-0 0-0 11. c4 Rd8 12. Qc2 e5 13. Bg3 Be6 14. e4 Nd7 15. f3 Rac8 16. Bf2 Qb7 17. Qb3 Qc7 18. Rfc1 f5 19. Bd3 f4 20. Qa3 Nb6 21. Qc3 Qd7 22. Bf1 Bf6 23. Nb3 Qf7 24. c5 Na4 25. Qb4 Nxc5 26. Nxc5 dxc5 27. Qxc5 Qb7 28. b3 a6 29. Qa5 Ra8 30. Rc2 Rdc8 31. Rac1 h6 32. Qa4 Kh7 33. Rc5 Bd7 34. Ra5 c5 35. Qa3 Qb4 36. Rcxc5 Qxa3 37. Rxa3 Be7 38. Rxc8 Rxc8 39. Rxa6 Rc1 40. Rb6 Bd8 41. Rb4 Ba5 42. Rc4 Ra1 43. a4 Be6 44. Rc5 Bxb3 45. g3 Bd2 46. Kg2 Ra2 47. Kg1 Ra1 48. Kg2 Ra2 1/2-1/2

[Event "Regionalliga NO 1314"]
[Site "Bayern"]
[Date "2014.02.23"]
[Round "7.5"]
[White "Simunek, Filip"]
[Black "Dittmar, Thomas"]
[Result "1-0"]
[WhiteElo "2162"]
[BlackElo "1841"]
[PlyCount "85"]
[EventDate "2013.10.13"]
[EventType "team-tourn"]
[EventRounds "9"]
[EventCountry "GER"]
[SourceTitle "EXT 2015"]
[Source "ChessBase"]
[SourceDate "2014.11.20"]
[SourceVersion "1"]
[SourceVersionDate "2014.11.20"]
[SourceQuality "1"]
[WhiteTeam "Bad Koetzting"]
[BlackTeam "Fuerth SF"]
[WhiteTeamCountry "GER"]
[BlackTeamCountry "GER"]

1. d4 Nf6 2. Nf3 c5 3. d5 d6 4. c4 e6 5. Nc3 exd5 6. cxd5 g6 7. g3 Bg7 8. Bg2 0-0 9. 0-0 a6 10. a4 Re8 11. a5 Nbd7 12. Bf4 Bf8 13. Qc2 b5 14. axb6 Nxb6 15. e4 Nh5 16. Bg5 f6 17. Be3 f5 18. Bg5 Qc7 19. Nd2 Qf7 20. exf5 Bxf5 21. Qb3 Nd7 22. Nc4 Bd3 23. Rfd1 Rab8 24. Qa2 Bxc4 25. Qxc4 Rxb2 26. Qf1 Ne5 27. f3 c4 28. Rxa6 Nd3 29. Ne4 Rxe4 30. fxe4 Rf2 31. Bh3 Ng7 32. Be3 Rxf1+ 33. Rxf1 Qe8 34. Bh6 Ne5 35. Ra7 Be7 36. Rfa1 g5 37. Ra8 Bd8 38. Kh1 Nf7 39. Bxg7 Qxe4+ 40. Bg2 Qxg2+ 41. Kxg2 Kxg7 42. Rc8 Bf6 43. Ra7 1-0

[Event "Regionalliga NO 1314"]
[Site "Bayern"]
[Date "2013.11.10"]
[Round "2.2"]
[White "Dittmar, Thomas"]
[Black "Mueller, Christian2"]
[Result "0-1"]
[WhiteElo "1841"]
[BlackElo "2075"]
[PlyCount "98"]
[EventDate "2013.10.13"]
[EventType "team-tourn"]
[EventRounds "9"]
[EventCountry "GER"]
[SourceTitle "EXT 2015"]
[Source "ChessBase"]
[SourceDate "2014.11.20"]
[SourceVersion "1"]
[SourceVersionDate "2014.11.20"]
[SourceQuality "1"]
[WhiteTeam "Fuerth SF"]
[BlackTeam "Windischeschenbach"]
[WhiteTeamCountry "GER"]
[BlackTeamCountry "GER"]

1. d4 c5 2. e4 cxd4 3. c3 Nf6 4. e5 Nd5 5. Nf3 e6 6. Qxd4 Nc6 7. Qg4 Qc7 8. Qg3 Nde7 9. Bd3 Ng6 10. Bf4 Nxf4 11. Qxf4 f6 12. 0-0 Nxe5 13. Nxe5 Qxe5 14. Qh4 f5 15. Na3 Bxa3 16. bxa3 Qxc3 17. Bxf5 Qf6 18. Qxf6 gxf6 19. Bd3 b6 20. Rfe1 Bb7 21. Bb5 Ke7 22. f4 Rac8 23. Rad1 d5 24. Rd2 Rc5 25. a4 Kd6 26. Rde2 Bc8 27. g3 Rg8 28. Kf2 Rg7 29. Bd3 Rc3 30. Bc2 Rgc7 31. Bb3 R7c5 32. Kg2 h6 33. Kf2 Bd7 34. Kg2 Rc1 35. Rxc1 Rxc1 36. Rd2 Bc6 37. Kh3 Rc5 38. Kh4 Be8 39. Kg4 Bf7 40. h4 Rc3 41. Kh3 Bg6 42. Kg2 Be4+ 43. Kh2 f5 44. Rd1 e5 45. fxe5+ Kxe5 46. Rg1 d4 47. g4 fxg4 48. Rxg4 d3 49. Rg8 d2 0-1

[Event "Karl Mala Memorial op-A 16th"]
[Site "Frankfurt"]
[Date "2013.07.12"]
[Round "2"]
[White "Dittmar, Thomas"]
[Black "Krischak, Werner"]
[Result "1-0"]
[WhiteElo "1940"]
[BlackElo "1773"]
[PlyCount "87"]
[EventDate "2013.07.11"]
[EventType "swiss"]
[EventRounds "7"]
[EventCountry "GER"]
[SourceTitle "EXT 2014"]
[Source "ChessBase"]
[SourceDate "2013.11.20"]
[SourceVersion "1"]
[SourceVersionDate "2013.11.20"]
[SourceQuality "1"]

1. d4 d5 2. c4 c6 3. Nf3 Nf6 4. Nc3 dxc4 5. e4 b5 6. e5 Nd5 7. a4 e6 8. axb5 Nxc3 9. bxc3 cxb5 10. Ng5 Bb7 11. Qh5 g6 12. Qg4 Nd7 13. Be2 Bd5 14. 0-0 Be7 15. h4 h6 16. Nf3 a5 17. h5 g5 18. Nd2 Nb6 19. f4 Rg8 20. Bf3 Kf8 21. f5 exf5 22. Qxf5 Rg7 23. e6 f6 24. Ne4 Kg8 25. Be3 b4 26. cxb4 axb4 27. Rxa8 Bxa8 28. Kh1 Kh8 29. Nxf6 Bxf3 30. Rxf3 Bxf6 31. Qxf6 Qxf6 32. Rxf6 Nd5 33. Rxh6+ Kg8 34. Bc1 c3 35. e7 Nxe7 36. Rb6 Nd5 37. Rb8+ Kh7 38. g3 Ra7 39. Bxg5 c2 40. Kg2 Rc7 41. Bc1 Nc3 42. Bb2 Na2 43. d5 c1Q 44. Rh8# 1-0

[Event "Mittelfranken-chTB1 1213"]
[Site "Germany"]
[Date "2013.04.21"]
[Round "9.7"]
[White "Hoffmann, Ayar"]
[Black "Dittmar, Thomas"]
[Result "1/2-1/2"]
[WhiteElo "1839"]
[BlackElo "1795"]
[PlyCount "82"]
[EventDate "2012.10.07"]
[EventType "team-tourn"]
[EventRounds "9"]
[EventCountry "GER"]
[SourceTitle "EXT 2019"]
[Source "ChessBase"]
[SourceDate "2018.10.10"]
[SourceVersion "1"]
[SourceVersionDate "2018.10.10"]
[SourceQuality "1"]
[WhiteTeam "Postbauer Heng"]
[BlackTeam "Fuerth SF"]
[WhiteTeamCountry "GER"]
[BlackTeamCountry "GER"]

1. e4 c6 2. Nf3 d5 3. exd5 cxd5 4. Ne5 Nf6 5. Bb5+ Nbd7 6. d4 e6 7. 0-0 Be7 8. f4 0-0 9. Bd3 Ne4 10. Nd2 f5 11. Ndf3 Qb6 12. c3 Ndf6 13. Qe2 Bd7 14. Nxd7 Nxd7 15. Be3 Rac8 16. Rac1 a6 17. Rc2 Qa5 18. a3 b5 19. Bc1 Qb6 20. Kh1 Rf6 21. Ne5 Nxe5 22. fxe5 Rg6 23. Qf3 Rf8 24. Bf4 a5 25. g3 b4 26. axb4 axb4 27. Ra1 bxc3 28. bxc3 Rc8 29. Be2 Bg5 30. Bxg5 Nxg5 31. Qe3 Ne4 32. Rac1 Rf8 33. c4 f4 34. gxf4 Qb3 35. Qf3 Rg4 36. h3 Qxf3+ 37. Bxf3 Rgxf4 38. Bxe4 Rxe4 39. cxd5 exd5 40. Rd2 Rf3 41. Kg2 Ree3 1/2-1/2

[Event "Mittelfranken-chTB1 1213"]
[Site "Germany"]
[Date "2013.01.27"]
[Round "1.7"]
[White "Dittmar, Thomas"]
[Black "Tschernischew, Boris"]
[Result "1-0"]
[WhiteElo "1795"]
[BlackElo "1455"]
[PlyCount "65"]
[EventDate "2012.10.07"]
[EventType "team-tourn"]
[EventRounds "9"]
[EventCountry "GER"]
[SourceTitle "EXT 2019"]
[Source "ChessBase"]
[SourceDate "2018.10.10"]
[SourceVersion "1"]
[SourceVersionDate "2018.10.10"]
[SourceQuality "1"]
[WhiteTeam "Fuerth SF"]
[BlackTeam "Fuerth SZ"]
[WhiteTeamCountry "GER"]
[BlackTeamCountry "GER"]

1. d4 Nf6 2. Nf3 d5 3. c4 Bf5 4. Qb3 dxc4 5. Qxb7 Be4 6. Qb5+ c6 7. Qxc4 Nbd7 8. e3 e6 9. Be2 Bd6 10. Nc3 Nb6 11. Qa6 0-0 12. 0-0 Bxf3 13. Bxf3 Qc7 14. h3 Nfd5 15. e4 Nb4 16. Qe2 a5 17. a3 Na6 18. Rd1 f6 19. Be3 Nb8 20. Rac1 Qe7 21. d5 N6d7 22. dxc6 Nxc6 23. Nb5 Bxa3 24. Rxc6 Bb4 25. Rc7 Rfd8 26. Na7 Rxa7 27. Rxa7 Qe8 28. Qd3 Ne5 29. Qxd8 Nxf3+ 30. gxf3 Kf8 31. Qxe8+ Kxe8 32. Bb6 Be7 33. Rdd7 1-0

[Event "Mittelfranken-chTB1 1112"]
[Site "Germany"]
[Date "2012.03.11"]
[Round "8.5"]
[White "Obsieger, Hendrik"]
[Black "Dittmar, Thomas"]
[Result "1/2-1/2"]
[WhiteElo "1890"]
[BlackElo "1829"]
[PlyCount "46"]
[EventDate "2011.09.25"]
[EventType "team-tourn"]
[EventRounds "9"]
[EventCountry "GER"]
[SourceTitle "EXT 2018"]
[Source "ChessBase"]
[SourceDate "2017.10.13"]
[SourceVersion "1"]
[SourceVersionDate "2017.10.13"]
[SourceQuality "1"]
[WhiteTeam "Erlangen SC II"]
[BlackTeam "Fuerth SF"]
[WhiteTeamCountry "GER"]
[BlackTeamCountry "GER"]

1. d4 Nf6 2. c4 c5 3. d5 e6 4. Nc3 exd5 5. cxd5 d6 6. e4 g6 7. Bb5+ Nbd7 8. a4 Bg7 9. f4 0-0 10. Nf3 Re8 11. 0-0 Nxe4 12. Nxe4 Rxe4 13. Bd3 Re8 14. f5 Ne5 15. Nxe5 Bxe5 16. Qg4 Qb6 17. Kh1 Qb4 18. Qf3 Qh4 19. g3 Qe7 20. fxg6 hxg6 21. Bg5 Qf8 22. Bb5 Bh3 23. Bxe8 Bxf1 1/2-1/2

[Event "Mittelfranken-chTB1 1112"]
[Site "Germany"]
[Date "2012.02.05"]
[Round "6.4"]
[White "Dittmar, Thomas"]
[Black "Rausch, Wolfgang1"]
[Result "0-1"]
[WhiteElo "1871"]
[BlackElo "1886"]
[PlyCount "74"]
[EventDate "2011.09.25"]
[EventType "team-tourn"]
[EventRounds "9"]
[EventCountry "GER"]
[SourceTitle "EXT 2013"]
[Source "ChessBase"]
[SourceDate "2012.11.22"]
[SourceVersion "1"]
[SourceVersionDate "2012.11.22"]
[SourceQuality "1"]
[WhiteTeam "Fuerth"]
[BlackTeam "Nuernberg NT IV"]
[WhiteTeamCountry "GER"]
[BlackTeamCountry "GER"]

1. d4 d5 2. c4 c6 3. Nf3 Nf6 4. Nc3 e6 5. e3 Nbd7 6. Qc2 Be7 7. b3 0-0 8. Be2 Re8 9. 0-0 Qc7 10. Bb2 a6 11. Rac1 Qd8 12. Rfd1 b6 13. e4 dxe4 14. Nxe4 Qc7 15. Ne5 Bb7 16. Ng5 Rf8 17. Bh5 g6 18. Bf3 Nxe5 19. dxe5 Nd7 20. Ne4 Nxe5 21. Bxe5 Qxe5 22. Rd7 Ba3 23. Rxb7 Bxc1 24. Qxc1 Rab8 25. Ra7 a5 26. h4 Ra8 27. Rxa8 Rxa8 28. a4 Rd8 29. Ng3 c5 30. h5 Rd3 31. Qb1 Qd4 32. h6 Rd2 33. Ne4 Rb2 34. Qc1 f5 35. Ng5 Rxf2 36. Kh1 Ra2 37. Nxe6 Ra1 0-1

[Event "Wiesbaden op 23rd"]
[Site "Wiesbaden"]
[Date "2011.08.28"]
[Round "7"]
[White "Dittmar, Thomas"]
[Black "Ruppert, Wolfgang"]
[Result "1/2-1/2"]
[WhiteElo "1952"]
[BlackElo "2155"]
[PlyCount "41"]
[EventDate "2011.08.25"]
[EventType "swiss"]
[EventRounds "7"]
[EventCountry "GER"]
[SourceTitle "CBM 144 Extra"]
[Source "ChessBase"]
[SourceDate "2011.10.28"]
[SourceVersion "1"]
[SourceVersionDate "2011.10.28"]
[SourceQuality "1"]

1. d4 f5 2. h3 Nf6 3. g4 d5 4. g5 Ne4 5. Bf4 e6 6. Nf3 c5 7. e3 Nc6 8. c3 Bd6 9. Bxd6 Qxd6 10. Nbd2 0-0 11. Bb5 Bd7 12. Bxc6 Bxc6 13. Rg1 f4 14. Nxe4 dxe4 15. Ne5 Rad8 16. g6 hxg6 17. Qg4 cxd4 18. exd4 Be8 19. Nxg6 Bxg6 20. Qxg6 Rf7 21. Qxe4 1/2-1/2

[Event "Wiesbaden op 23rd"]
[Site "Wiesbaden"]
[Date "2011.08.25"]
[Round "1"]
[White "Dittmar, Thomas"]
[Black "Meijers, Viesturs"]
[Result "0-1"]
[WhiteElo "1952"]
[BlackElo "2492"]
[PlyCount "68"]
[EventDate "2011.08.25"]
[EventType "swiss"]
[EventRounds "7"]
[EventCountry "GER"]
[SourceTitle "CBM 144 Extra"]
[Source "ChessBase"]
[SourceDate "2011.10.28"]
[SourceVersion "1"]
[SourceVersionDate "2011.10.28"]
[SourceQuality "1"]

1. d4 Nf6 2. Nf3 e6 3. c4 b6 4. g3 Bb7 5. Bg2 c5 6. d5 exd5 7. Nh4 g6 8. 0-0 Bg7 9. cxd5 0-0 10. Nc3 d6 11. a4 a6 12. e4 Nbd7 13. f4 Qc7 14. h3 c4 15. Kh2 Rfe8 16. f5 Nc5 17. fxg6 fxg6 18. Qe2 Nb3 19. Bg5 Nxd5 20. Nxd5 Bxd5 21. Rad1 Bb7 22. Bf6 d5 23. Qg4 d4 24. e5 Bxg2 25. Nxg2 Bxf6 26. exf6 Qf7 27. Nf4 Re5 28. Ne2 d3 29. Nd4 Nxd4 30. Qxd4 Re2+ 31. Kg1 h5 32. Rf3 b5 33. b3 Qa7 34. f7+ Kf8 0-1

[Event "Maastricht Limburg op-B 5th"]
[Site "Maastricht"]
[Date "2011.06.13"]
[Round "7"]
[White "Maurissen, Wim"]
[Black "Dittmar, Thomas"]
[Result "1-0"]
[WhiteElo "1906"]
[BlackElo "1974"]
[PlyCount "55"]
[EventDate "2011.06.10"]
[EventType "swiss"]
[EventRounds "7"]
[EventCountry "NED"]
[SourceTitle "EXT 2012"]
[Source "ChessBase"]
[SourceDate "2011.11.24"]
[SourceVersion "1"]
[SourceVersionDate "2011.11.24"]
[SourceQuality "1"]

1. d4 Nf6 2. Bg5 c5 3. Bxf6 exf6 4. c3 d5 5. e3 Nc6 6. Bd3 Bd6 7. Nd2 cxd4 8. exd4 0-0 9. Qh5 f5 10. Ne2 g6 11. Qf3 Be7 12. Nf4 Be6 13. 0-0 Bg5 14. Rfe1 Qd6 15. Nxe6 fxe6 16. Qe2 Bxd2 17. Qxd2 e5 18. dxe5 Nxe5 19. Rad1 Ng4 20. g3 f4 21. Bc4 fxg3 22. Qxd5+ Qxd5 23. Bxd5+ Kh8 24. fxg3 Rab8 25. Re7 Rfd8 26. Bf3 Nf6 27. Rxd8+ Rxd8 28. Rxb7 1-0

[Event "Maastricht Limburg op-B 5th"]
[Site "Maastricht"]
[Date "2011.06.12"]
[Round "4"]
[White "Sanen, Erwin"]
[Black "Dittmar, Thomas"]
[Result "0-1"]
[WhiteElo "1867"]
[BlackElo "1974"]
[PlyCount "52"]
[EventDate "2011.06.10"]
[EventType "swiss"]
[EventRounds "7"]
[EventCountry "NED"]
[SourceTitle "EXT 2012"]
[Source "ChessBase"]
[SourceDate "2011.11.24"]
[SourceVersion "1"]
[SourceVersionDate "2011.11.24"]
[SourceQuality "1"]

1. d4 Nf6 2. c4 c5 3. dxc5 e6 4. Nf3 Bxc5 5. e3 0-0 6. Bd3 Nc6 7. Nbd2 d5 8. cxd5 exd5 9. Nb3 Bd6 10. h3 Ne4 11. 0-0 Bf5 12. Nbd4 Bg6 13. b3 Nb4 14. Bc2 Rc8 15. Bxe4 dxe4 16. Nd2 Nd3 17. Nc4 Bb8 18. Ba3 Re8 19. Rb1 a6 20. Qd2 b5 21. Nb2 Ne5 22. Bb4 Qg5 23. Kh1 Nf3 24. gxf3 exf3 25. Nxf3 Be4 26. Rg1 Bxf3+ 0-1

[Event "Maastricht Limburg op-B 5th"]
[Site "Maastricht"]
[Date "2011.06.12"]
[Round "5"]
[White "Schloemer, Armin"]
[Black "Dittmar, Thomas"]
[Result "1/2-1/2"]
[WhiteElo "1717"]
[BlackElo "1974"]
[PlyCount "44"]
[EventDate "2011.06.10"]
[EventType "swiss"]
[EventRounds "7"]
[EventCountry "NED"]
[SourceTitle "EXT 2012"]
[Source "ChessBase"]
[SourceDate "2011.11.24"]
[SourceVersion "1"]
[SourceVersionDate "2011.11.24"]
[SourceQuality "1"]

1. e4 c6 2. d4 d5 3. f3 e5 4. dxe5 Bc5 5. Nc3 Qb6 6. Na4 Bf2+ 7. Ke2 Qa6+ 8. Kxf2 Qxa4 9. exd5 cxd5 10. Be3 Nc6 11. c3 Qa5 12. Qb3 Nge7 13. Bd3 Nxe5 14. Qb5+ N7c6 15. Be2 Qxb5 16. Bxb5 0-0 17. Rd1 Rd8 18. Nh3 Bxh3 19. gxh3 Ne7 20. Rhe1 f6 21. Bf4 N7g6 22. Bg3 a6 1/2-1/2

[Event "Mittelfranken-ch QT 60th"]
[Site "Buechenbach/Roth"]
[Date "2011.04.22"]
[Round "5"]
[White "Gueldner, Udo"]
[Black "Dittmar, Thomas"]
[Result "1-0"]
[WhiteElo "1894"]
[BlackElo "1916"]
[PlyCount "83"]
[EventDate "2011.04.20"]
[EventType "swiss"]
[EventRounds "7"]
[EventCountry "GER"]
[SourceTitle "CBM 142 Extra"]
[Source "ChessBase"]
[SourceDate "2011.06.27"]
[SourceVersion "1"]
[SourceVersionDate "2011.06.27"]
[SourceQuality "1"]

1. d4 Nf6 2. c4 c5 3. e3 e6 4. Nc3 b6 5. Nf3 Bb7 6. Be2 Be7 7. 0-0 0-0 8. d5 d6 9. e4 e5 10. Bd3 Ne8 11. Qc2 Nd7 12. Ne2 Bf6 13. Ng3 g6 14. h3 Bg7 15. Nh2 Nef6 16. Be3 Qe7 17. Qd2 a6 18. Bg5 Qe8 19. Bh6 Rc8 20. Bxg7 Kxg7 21. Qg5 Kh8 22. f4 Ng8 23. f5 f6 24. Qd2 b5 25. fxg6 hxg6 26. b3 b4 27. h4 Rc7 28. h5 g5 29. Nf5 Ne7 30. Nxd6 Qxh5 31. Rf3 Kg7 32. Rh3 Qg6 33. Rf1 Bc8 34. Ng4 Rh8 35. Rxh8 Kxh8 36. Qf2 Kg7 37. Nxf6 Nxf6 38. Qxf6+ Qxf6 39. Ne8+ Kh8 40. Rxf6 Ng8 41. Rf8 Re7 42. Nf6 1-0